Vývoj hrubého domácího produktu z hlediska přispění jednotlivých faktorů
Hodnotenie hospodárskeho rastu v ČR v období transformačných zmien v r. 1991-1995. Vývojové súvislosti medzi hrubým domácim produktom (HDP) a systémom národného účtovníctva. Faktorová interpretácia vývoja HDP. Popis uvedených spôsobov interpretácie HDP z hľadiska vzťahov, ktoré v národnom hospodárst...
Gespeichert in:
| 1. Verfasser: | |
|---|---|
| Weitere Verfasser: | |
| Format: | Buchkapitel |
| Sprache: | Tschechisch |
| Schlagworte: | |
| Tags: |
Keine Tags, Fügen Sie das erste Tag hinzu!
|
MARC
| LEADER | 00000naa a2200000 4500 | ||
|---|---|---|---|
| 001 | r027964 | ||
| 005 | 20230912090600.1 | ||
| 041 | 0 | |a cze | |
| 044 | |a CZ | ||
| 245 | 1 | 0 | |a Vývoj hrubého domácího produktu z hlediska přispění jednotlivých faktorů |c Richard Hindls, Stanislava Hronová |
| 520 | |a Hodnotenie hospodárskeho rastu v ČR v období transformačných zmien v r. 1991-1995. Vývojové súvislosti medzi hrubým domácim produktom (HDP) a systémom národného účtovníctva. Faktorová interpretácia vývoja HDP. Popis uvedených spôsobov interpretácie HDP z hľadiska vzťahov, ktoré v národnom hospodárstve platiaa ktoré národné účtovníctvo popisuje. Vzostup dynamiky HDP v ČR v pol. 90. rokov. Realizácia analýzy vývoja HDP v budúcnosti. Metóda určenia a vecného hodnotenia príspevku vybraných činiteľov rastu HDP. | ||
| 610 | 2 | 0 | |a produkt domáci hrubý |
| 610 | 2 | 0 | |a faktory rastu hospodárskeho |
| 610 | 2 | 0 | |a účtovníctvo národné |
| 610 | 2 | 0 | |a transformácia |
| 610 | 2 | 0 | |a Česko |
| 610 | 2 | 0 | |a porovnanie štatistické |
| 100 | 1 | |a Hindls, Richard | |
| 700 | 1 | |a Hronová, Stanislava | |